LEADER 01295nam 2200337Ia 450 001 996396832303316 005 20221108085343.0 035 $a(CKB)4330000000346140 035 $a(EEBO)2240973915 035 $a(OCoLC)12261151 035 $a(EXLCZ)994330000000346140 100 $a19850712d1660 uy | 101 0 $aeng 135 $aurbn||||a|bb| 200 12$aA returne to the ministers of London$b[electronic resource] $eby way of answer to their seasonable exhortations, (so called) directed to their congregations : with sober reproof sent unto them, because of their secret smitings against the despised people called Quakers, whom they have secretly reproached in their said exhortation ... /$fby E.B 210 $aLondon $cPrinted for Robert Wilson ...$d1660 215 $a[2], 29 p 300 $aReproduction of original in Huntington Library. 300 $aAttributed to Edward Burrough by BM. 330 $aeebo-0113 606 $aSociety of Friends$xPersecutions 615 0$aSociety of Friends$xPersecutions. 700 $aBurrough$b Edward$f1634-1662.$01001305 801 0$bEAA 801 1$bEAA 801 2$bm/c 801 2$bWaOLN 906 $aBOOK 912 $a996396832303316 996 $aA returne to the ministers of London$92334683 997 $aUNISA LEADER 01048nam a22002291i 4500 001 991000685759707536 008 100414s1911 it 00 ita d 035 $ab13895448-39ule_inst 040 $aDip.to Studi Giuridici$bita 082 0 $a346.4505 100 1 $aLosana, Cesare$0227221 245 13$aLe disposizioni comuni alle successioni legittime e testamentarie secondo il Codice Civile Italiano :$btrattato pratico /$cCesare Losana 250 $aSeconda edizione accuratamente riveduta e ampliata dall'Autore 260 $aTorino :$bUnione Tipografico-Editrice Torinese,$c1911 300 $a663 p. ;$c24 cm. 650 4$aSuccessioni 907 $a.b13895448$b28-01-14$c14-04-10 912 $a991000685759707536 945 $aLE027 F/A II D LOS02.04$g1$i2027000301959$lle027$nFondo Miglietta$og$pE25.00$q-$rn$s- $t0$u0$v0$w0$x0$y.i15111519$z14-04-10 996 $aDisposizioni comuni alle successioni legittime e testamentarie secondo il Codice Civile Italiano$9225272 997 $aUNISALENTO 998 $ale027$b14-04-10$cm$da $e-$fita$git $h3$i0